Name a Country Where These Amphibians Are Found #2 - Statistics

General Stats
  • This quiz has been taken 8 times
    5 since last reset
  • The average score is 51 of 151
Answer Stats
Picture Hint Answer % Correct
Waxy Monkey Leaf Frog Argentina | Bolivia | Paraguay | Brazil
100%
European Tree Frog Russia | Turkey | Ukraine | Belarus | Romania | Bulgaria | Sweden | Denmark | Netherlands | Belgium | Luxembourg | Spain | Portugal | France | Germany | Poland | Moldova | Greece | Czech Republic | Austria | Hungary | Slovakia | Italy | Switzerland | Slovenia | Liechtenstein | Albania | Croatia | Serbia | Bosnia & Herzegovina | Montenegro | North Macedonia | Kosovo | Iran | Georgia | Armenia | Azerbaijan
100%
Yucatán Casquehead Tree Frog Belize | Guatemala | Honduras | Mexico
80%
Brazil-Nut Poison Frog Brazil
80%
Lemur Leaf Frog Costa Rica | Panama | Colombia
80%
Gray Treefrog United States of America | Canada
80%
Spring Peeper United States of America | Canada
80%
Yellow-Banded Poison Dart Frog Venezuela | Colombia | Guyana | Brazil
80%
Ornate Horned Toad Argentina | Uruguay | Brazil
60%
New Holland Frog Australia
60%
Smoky Jungle Frog Bolivia | Brazil | Colombia | Ecuador | Costa Rica | Panama | Peru | Venezuela | France (French Guiana)
60%
Rio Rocket Frog Brazil
60%
Amazonian Poison Frog Brazil | Bolivia
60%
Surinam Horned Frog Brazil | Peru | Ecuador | Colombia | Venezuela | Guyana | Suriname | Bolivia | France (French Guiana)
60%
Black-Legged Poison Dart Frog Colombia
60%
Golden Poison Frog Colombia
60%
Andean Poison Frog Colombia
60%
Andes Giant Glass Frog Colombia | Venezuela
60%
Blue-Sided Leaf Frog Costa Rica | Panama
60%
Phantasmal Poison Frog Ecuador
60%
Ecuador Poison Frog Ecuador | Colombia
60%
Dyeing Poison Dart Frog Guyana | Suriname | Brazil | France (French Guiana)
60%
Red-Eyed Tree Frog Mexico | Guatemala | Belize | Honduras | Nicaragua | Costa Rica | Panama | Colombia
60%
Sierran Chorus Frog United States of America
60%
Pine Barrens Tree Frog United States of America
60%
Canyon Tree Frog United States of America | Mexico
60%
Squirrel Tree Frog United States of America | The Bahamas
60%
Veined Tree Frog Argentina | Belize | Bolivia | Brazil | Colombia | Costa Rica | Guatemala | Guyana | Honduras | Mexico | Nicaragua | Panama | Paraguay | Peru | Suriname | Trinidad & Tobago | Venezuela | France (French Guiana)
40%
Chaco Horned Frog Argentina | Bolivia | Paraguay
40%
Santa Fe White-Lipped Frog Argentina | Bolivia | Paraguay
40%
Cranwell's Horned Frog Argentina | Bolivia | Paraguay | Brazil
40%
Whistling Tree Frog Australia
40%
Watjulum Frog Australia
40%
Motorbike Frog Australia
40%
Blue Mountains Tree Frog Australia
40%
White-Lipped Tree Frog Australia | Indonesia | Papua New Guinea
40%
Dumpy Tree Frog Australia | Indonesia | Papua New Guinea | United States of America
40%
Green and Golden Bell Frog Australia | New Zealand
40%
Mission Golden-Eyed Tree Frog Bolivia | Brazil | Colombia | Ecuador | Peru | Suriname | Venezuela | France (French Guiana)
40%
Madre de Dios Thin-Toed Frog Bolivia | Brazil | Peru
40%
Bruno's Casque-Headed Frog Brazil
40%
Splashback Poison Frog Brazil
40%
Acre Treefrog Brazil | Bolivia | Peru
40%
Giant Monkey Frog Brazil | Colombia | Bolivia | Peru | Venezuela
40%
Brilliant-Thighed Poison Frog Brazil | Colombia | Guyana | Suriname | Ecuador | Peru | Bolivia | France (French Guiana)
40%
Dotted Poison Frog Colombia
40%
Lehmann's Poison Frog Colombia
40%
Harlequin Poison Frog Colombia
40%
Horned Marsupial Frog Colombia | Costa Rica | Ecuador | Panama
40%
El Tambo Cochran Frog Colombia | Ecuador
40%
San Jose Cochran Frog Costa Rica | Panama
40%
American Cinchona Plantation Frog Costa Rica | Panama
40%
Gliding Tree Frog Costa Rica | Panama | Colombia | Ecuador
40%
Lovely Poison Frog Costa Rica | Panama | Nicaragua
40%
Splendid Leaf Frog Honduras | Nicaragua | Costa Rica | Panama | Colombia | Ecuador
40%
Túngara Frog Mexico | Guatemala | Belize | El Salvador | Honduras | Nicaragua | Costa Rica | Panama | Colombia | Venezuela | Guyana
40%
Strawberry Poison-Dart Frog Nicaragua | Costa Rica | Panama
40%
Green and Black Poison Dart Frog Panama | Colombia | Costa Rica | Nicaragua | United States of America
40%
Spiny-Headed Tree Frog Panama | Costa Rica | Honduras | Mexico
40%
Budgett's Frog Paraguay | Bolivia | Argentina
40%
Cainarachi Poison Frog Peru
40%
Manú Poison Frog Peru | Brazil
40%
Red-Backed Poison Frog Peru | Ecuador
40%
Troschel's Tree Frog Suriname
40%
Barking Tree Frog United States of America
40%
Hensel's Swamp Frog Argentina | Uruguay | Brazil
20%
Lace-Eyed Tree Frog Australia
20%
Giant Frog Australia
20%
Lesueur's Frog Australia
20%
Rockhole Frog Australia
20%
Freycinet's Frog Australia
20%
Waterfall Frog Australia
20%
Southern Brown Tree Frog Australia | New Zealand
20%
Roth's Tree Frog Australia | Papua New Guinea
20%
Striped Rocket Frog Australia | Papua New Guinea
20%
Mahogany Tree Frog Belize | Costa Rica | Guatemala | Honduras | Mexico | Nicaragua
20%
Painted Tree Frog Belize | Guatemala | Honduras | Mexico
20%
Marmorea Frog Bolivia | Brazil | Colombia | Ecuador | Guyana | Peru | Suriname | Venezuela | France (French Guiana)
20%
Map Tree Frog Bolivia | Brazil | Colombia | Ecuador | Guyana | Peru | Suriname | Venezuela | Trinidad & Tobago | France (French Guiana)
20%
Clown Treefrog Bolivia | Brazil | Ecuador | Colombia | Guyana | Peru | Suriname | France (French Guiana)
20%
Mustached Frog Bolivia | Brazil | Paraguay | Argentina
20%
Black-Eyed Monkey Frog Bolivia | Brazil | Peru
20%
Serra Geral Tree Frog Brazil
20%
Ololygon Strigilata Brazil
20%
Rough Leaf Frog Brazil
20%
Corcovado Tree Frog Brazil
20%
Cycloramphus Lutzorum Brazil
20%
Alto Button Frog Brazil
20%
Bokermann's Casque-Headed Frog Brazil
20%
Haddad's Tree Frog Brazil
20%
Perez's Snouted Frog Brazil | Colombia | Ecuador | Peru
20%
White-Lined Leaf Frog Brazil | Guyana | Suriname | Colombia | Peru | Ecuador | Venezuela | Bolivia | France (French Guiana)
20%
Cabrera's Spiny-Backed Frog Brazil | Peru | Ecuador | Colombia | Guyana | France (French Guiana)
20%
Antioquia Giant Glass Frog Colombia
20%
Common Rocket Frog Colombia
20%
Savage's Cochran Frog Colombia
20%
Dunn's Marsupial Frog Colombia
20%
Magdalena Giant Glass Frog Colombia
20%
Nymphargus Rosada Colombia
20%
Cauca Poison Frog Colombia
20%
Diablito Colombia | Ecuador
20%
Red-Spotted Glassfrog Colombia | Ecuador
20%
Imbabura Tree Frog Colombia | Ecuador
20%
Doris' Lime Treefrog Colombia | Ecuador | Brazil | Peru
20%
Peters' Dwarf Frog Colombia | Ecuador | Peru
20%
Resplendent Glassfrog Colombia | Ecuador | Peru | Bolivia
20%
Blue-Bellied Poison Frog Colombia | Panama
20%
Gold-Striped Frog Colombia | Venezuela | Guyana | Suriname | Brazil | Ecuador | Peru | Bolivia | France (French Guiana)
20%
Tapir Valley Tree Frog Costa Rica
20%
Rufous-Eyed Brook Frog Costa Rica
20%
Grainy Cochran Frog Costa Rica | Honduras | Nicaragua | Panama
20%
Starrett's Glass Frog Costa Rica | Panama
20%
La Loma Tree Frog Costa Rica | Panama
20%
Starrett's Treefrog Costa Rica | Panama
20%
Giant Ditch Frog Dominica | United Kingdom (Montserrat)
20%
Prince Charles Stream Tree Frog Ecuador
20%
Executioner Tree Frog Ecuador
20%
Napo Cochran Frog Ecuador
20%
Banded Horned Treefrog Ecuador | Colombia
20%
Cochran Frog Ecuador | Colombia
20%
Striped Rocket Frog Ecuador | Colombia | Panama | Costa Rica | Nicaragua
20%
Emerald Glass Frog Ecuador | Colombia | Panama | Costa Rica | Nicaragua | Honduras
20%
Maria Elena's Glass Frog Ecuador | Peru
20%
Pacific Horned Frog Ecuador | Peru
20%
Sanguine Poison Frog Ecuador | Peru
20%
Alta Verapaz Spikethumb Frog Guatemala
20%
Copan Brook Frog Guatemala | Honduras
20%
Copan Stream Frog Guatemala | Honduras | Nicaragua
20%
Thorny Spikethumb Frog Guatemala | Mexico
20%
Gran Rio Snouted Tree Frog Guyana | Suriname | France (French Guiana)
20%
Tukeit Hill Frog Guyana | Venezuela | Suriname | Brazil | Bolivia
20%
Cricket Glass Frog Honduras | Costa Rica | Panama | Colombia
20%
Yellow-Flecked Grassfrog Honduras | Costa Rica | Panama | Colombia | Ecuador
20%
Pinocchio Frog Indonesia
20%
Duck-Billed Tree Frog Mexico
20%
Fairy Tree Frog Mexico
20%
Hourglass Treefrog Mexico | Guatemala | El Salvador | Belize | Honduras | Nicaragua | Costa Rica | Panama
20%
Ghost Glass Frog Nicaragua | Costa Rica | Panama | Colombia | Ecuador
20%
Geminis' Dart Frog Panama
20%
Rabbs' Fringe-Limbed Treefrog Panama
20%
Pongo Poison Frog Peru
20%
Marañón Poison Frog Peru
20%
Pleasing Poison Frog Peru
20%
Abra Acanacu Marsupial Frog Peru
20%
Cat-Eyed Frog Peru | Ecuador
20%
Southern Cricket Frog United States of America
20%
Lowland Burrowing Tree Frog United States of America | Mexico
20%
Demonic Poison Frog Venezuela
20%
Roraima Rocket Frog Venezuela | Guyana
20%
Banded-Limb Glassfrog Venezuela | Guyana | Suriname | Brazil | France (French Guiana)
20%
Yuruani Glass Frog Venezuela | Guyana | Suriname | Ecuador | Peru | Brazil | France (French Guiana)
20%
No matching quizzes found
Score Distribution
Percent of People with Each Score
Percentile by Number Answered
Your Score History
You have not taken this quiz since the last reset